| 000 | 00627nam a2200217Ia 4500 | ||
|---|---|---|---|
| 003 | GCL | ||
| 008 | 140319s9999 xx 000 0 eng d | ||
| 020 | _a0521528046 | ||
| 040 |
_aGCL / _cGCL |
||
| 082 | 0 | 4 |
_a937.02 _bF F |
| 100 | 1 | _aFAGAN, GARRETT G . | |
| 245 | 1 | 0 |
_aFROM AUGUSTUS TO NERO : _bAN INTERMEDIATE LATIN READER / _cFAGAN, GARRETT G . |
| 700 | 1 | _aMURGATROYD, PAUL | |
| 250 | _aFIRST | ||
| 260 |
_aانجلترا : _bCAMBRIDGE UNIVERSITY PRESS ، _c2006 |
||
| 300 |
_a24 CM ؛ _c214 P |
||
| 650 | 0 | 4 | _aEUROPE - HISTORY |
| 650 | 0 | 4 | _aROMA - HISTORY |
| 650 | 0 | 4 | _aROMA - HISTORY - 509 - 31 BC |
| 942 |
_2ddc _cBK |
||
| 999 |
_c9318 _d9318 |
||